Omladol som režisér Juraj Jakubisko

Bibliographic Details
Main Authors: Dvořáková, Helena, 1943- (ain), Jakubisko, Juraj, 1938-2023 (Author, uin)
Format: Article
Language:Slovak
PhysicalDescription:Fotogr.
ISSN:1335-4051
Subjects:

MARC

LEADER 00000nab a2200000 a 4500
001 vtls000750395
003 SK-MaSNL
005 20260304000128.0
008 180205c2000 xo 0 slo
015 |a SNBRB2001/03-08565 
035 |a CLN000102195 
040 |a SNKBUCL  |b slo  |c SNKBUCL  |e AACR2 
041 0 |a slo 
044 |a xo  |c SK 
080 |a 791.44.071.1  |2 UDC-MRF-SK2 
100 1 |a Dvořáková, Helena,  |d 1943-  |4 ain  |9 105433 
245 1 0 |a Omladol som  |b režisér Juraj Jakubisko  |c [zhovárala sa] Helena Dvořáková 
300 |b Fotogr. 
600 1 7 |a Jakubisko, Juraj,  |d 1938-2023  |2 snkbucl  |9 201200 
655 7 |a články z novín a časopisov  |2 snkbucl  |9 267496 
700 1 |a Jakubisko, Juraj,  |d 1938-2023  |4 aut  |4 uin  |9 201200 
773 0 |x 1335-4051  |t Pravda  |g Roč. 10, č. 300 (30.12.2000) 
773 0 |x 1335-4051  |t [Príl.] Sobota  |g S. [9] 
850 |a Slovenská národná knižnica v Martine 
852 |a SNK  |b KIS3GCP 
958 |a RBX 
999 |c 2529689  |d 2531619